Are You Smarter Than a College Student? XV Quiz Stats

Quiz Updated Apr 2, 2016

Challenge
Share
Tweet
Embed
Score 0/30 Timer 07:00
0 Plays Today
% Correct
Easyoctagon
95.9%
EasyChicago
91.3%
Easydragon
87.4%
EasyGalápagos
81.7%
EasyPythagorean
78.9%
Easysynagogue
68.3%
Easylagoon
66.3%
EasySantiago
64.6%
EasyIago
64.3%
EasyDiagon Alley
62.1%
Mediumagoraphobia
55%
MediumAragorn II
51.1%
MediumAragon
50.2%
MediumPatagonia
48.3%
Mediumagony
46.5%
% Correct
Mediumpagoda
44.9%
Mediumarchipelago
41.9%
Mediumagosto
41.1%
MediumWinnebago
41%
MediumREO Speedwagon
39.4%
Hardtarragon
34.2%
HardTrinidad and Tobago
32.8%
HardLagos
31.9%
HardRod Blagojevich
28%
HardDagobah
27.2%
HardDoctor Zhivago
26.8%
Hardasiago
21.6%
Hardragout
21.6%
HardPago Pago
18.7%
Hardphagocytosis
15.3%

You're not logged in!

Compare scores with friends on all Sporcle quizzes.
Sign Up with Email
OR
Log In

Show Comments

Extras

Top Quizzes Today


Score Distribution

Your Account Isn't Verified!

In order to create a playlist on Sporcle, you need to verify the email address you used during registration. Go to your Sporcle Settings to finish the process.